[Event "2nd Agzamov Memorial"]
[Site "Tashkent UZB"]
[Date "2008.03.22"]
[Round "3"]
[White "Egin, V."]
[Black "Timoshenko, G."]
[Result "1/2-1/2"]
[WhiteElo "2437"]
[BlackElo "2560"]
[PlyCount "28"]
[EventDate "2008.03.19"]
[EventType "swiss"]
[EventRounds "9"]
[EventCountry "UZB"]
[Source "Mark Crowther"]
[SourceDate "2008.03.31"]

1. e4 c5 2. Nf3 Nc6 3. c3 Nf6 4. e5 Nd5 5. d4 cxd4 6. cxd4 d6 7. Bc4 Nb6 8. Bb5
dxe5 9. Nxe5 Bd7 10. Nxd7 Qxd7 11. Nc3 Rd8 12. O-O e6 13. Bg5 Be7 14. Bxe7 Qxe7
1/2-1/2

[Event "2nd Agzamov Memorial"]
[Site "Tashkent UZB"]
[Date "2008.03.22"]
[Round "3"]
[White "Djuraev, S."]
[Black "Filippov, An UZB"]
[Result "1/2-1/2"]
[WhiteElo "2283"]
[BlackElo "2502"]
[PlyCount "86"]
[EventDate "2008.03.19"]
[EventType "swiss"]
[EventRounds "9"]
[EventCountry "UZB"]
[Source "Mark Crowther"]
[SourceDate "2008.03.31"]

1. e4 e5 2. Nf3 Nc6 3. Bb5 a6 4. Ba4 Nf6 5. O-O Be7 6. Re1 d6 7. c3 Bg4 8. d3
Nd7 9. h3 Bh5 10. Be3 O-O 11. Nbd2 Bg6 12. Nf1 f5 13. exf5 Bxf5 14. Ng3 Bg6 15.
d4 e4 16. d5 Nce5 17. Nd4 Nc5 18. Bc2 Qd7 19. Ne6 Nxe6 20. dxe6 Qc6 21. Bd4 Nd3
22. Rxe4 Bxe4 23. Qg4 g6 24. Nxe4 Rf4 25. Qg3 Rxe4 26. Bxd3 Rxe6 27. Bf5 Qd5
28. Bxe6+ Qxe6 29. c4 Qxc4 30. Re1 Bf8 31. Bc3 Qf7 32. h4 Re8 33. Rxe8 Qxe8 34.
Qf3 Bg7 35. Qd5+ Kh8 36. Bxg7+ Kxg7 37. Qxb7 Qe1+ 38. Kh2 Qe5+ 39. g3 d5 40.
Qc6 h5 41. b4 d4 42. Qd7+ Kh6 43. Qd8 Kg7 1/2-1/2

[Event "2nd Agzamov Memorial"]
[Site "Tashkent UZB"]
[Date "2008.03.22"]
[Round "3"]
[White "Kim, Alex"]
[Black "Kurnosov, I."]
[Result "1/2-1/2"]
[WhiteElo "2442"]
[BlackElo "2577"]
[PlyCount "67"]
[EventDate "2008.03.19"]
[EventType "swiss"]
[EventRounds "9"]
[EventCountry "UZB"]
[Source "Mark Crowther"]
[SourceDate "2008.03.31"]

1. e4 c5 2. Nf3 d6 3. d4 cxd4 4. Nxd4 Nf6 5. Nc3 e6 6. Be3 a6 7. a4 b6 8. Bd3
Bb7 9. f4 Nbd7 10. Qe2 Nc5 11. Bd2 g6 12. b4 Nxd3+ 13. cxd3 Bg7 14. Nb3 O-O 15.
O-O Rc8 16. Rac1 Qe7 17. a5 b5 18. Rc2 Nd7 19. Rfc1 f5 20. Be3 Nf6 21. Bb6 fxe4
22. dxe4 e5 23. fxe5 Qxe5 24. Nd2 Rfe8 25. Qd3 Qh5 26. h3 Re6 27. Bd4 Rce8 28.
Nf3 Bxe4 29. Nxe4 Rxe4 30. Bxf6 Bxf6 31. Qxd6 R4e6 32. Qd7 R6e7 33. Qd6 Re6 34.
Qd7 1/2-1/2

[Event "2nd Agzamov Memorial"]
[Site "Tashkent UZB"]
[Date "2008.03.22"]
[Round "3"]
[White "Zubarev, Al1"]
[Black "Amonatov, F."]
[Result "1/2-1/2"]
[WhiteElo "2491"]
[BlackElo "2649"]
[PlyCount "80"]
[EventDate "2008.03.19"]
[EventType "swiss"]
[EventRounds "9"]
[EventCountry "UZB"]
[Source "Mark Crowther"]
[SourceDate "2008.03.31"]

1. e4 c5 2. Nf3 d6 3. d4 cxd4 4. Nxd4 Nf6 5. Nc3 a6 6. a4 e5 7. Nf3 Be7 8. Bg5
Be6 9. Bxf6 Bxf6 10. Nd5 Nd7 11. Bc4 Rc8 12. Qe2 Nb6 13. Nxf6+ Qxf6 14. Bxe6
Qxe6 15. O-O O-O 16. Rfd1 Rfd8 17. b3 Nd7 18. c4 h6 19. Qe3 Nf6 20. Rd2 b5 21.
cxb5 axb5 22. a5 Rc6 23. a6 Ra8 24. a7 Qe7 25. h3 Qc7 26. Rd3 Qb6 27. Qxb6 Rxb6
28. Nd2 Kf8 29. f3 Ne8 30. b4 Rb7 31. Rda3 Nc7 32. Nf1 d5 33. Ne3 d4 34. Ng4 f6
35. Nf2 Ne6 36. Nd3 Rc7 37. Kf1 Ke7 38. Ke1 Rc4 39. Ra6 Kd7 40. Rb6 Rc7 1/2-1/2

[Event "2nd Agzamov Memorial"]
[Site "Tashkent UZB"]
[Date "2008.03.22"]
[Round "3"]
[White "Iuldachev, S."]
[Black "Kayumov, S."]
[Result "1-0"]
[WhiteElo "2526"]
[BlackElo "2426"]
[PlyCount "71"]
[EventDate "2008.03.19"]
[EventType "swiss"]
[EventRounds "9"]
[EventCountry "UZB"]
[Source "Mark Crowther"]
[SourceDate "2008.03.31"]

1. e4 e6 2. d4 d5 3. e5 c5 4. c3 Nc6 5. Nf3 Bd7 6. a3 f6 7. Bd3 Qc7 8. O-O c4
9. Bc2 O-O-O 10. Re1 h6 11. Nbd2 f5 12. b3 cxb3 13. Nxb3 g5 14. Nfd2 Be8 15.
Rb1 b6 16. Bd3 Bg6 17. Nc5 Bxc5 18. dxc5 Kd7 19. a4 Nge7 20. Ba3 Ke8 21. Nb3
Kf7 22. Nd4 Nxd4 23. cxd4 Rb8 24. cxb6 Rxb6 25. Rc1 Qb7 26. a5 Rc6 27. Rb1 Qc7
28. Bd6 Qxa5 29. Rb7 Re8 30. Bb5 Rcc8 31. Bxe8+ Rxe8 32. Qa1 Qd2 33. Bb4 Qc2
34. Qxa7 Bh7 35. Rxe7+ Rxe7 36. Qxe7+ 1-0

[Event "2nd Agzamov Memorial"]
[Site "Tashkent UZB"]
[Date "2008.03.22"]
[Round "3"]
[White "Fedorov, Alex"]
[Black "Rakhmatullin, K."]
[Result "1-0"]
[WhiteElo "2607"]
[BlackElo "2320"]
[PlyCount "93"]
[EventDate "2008.03.19"]
[EventType "swiss"]
[EventRounds "9"]
[EventCountry "UZB"]
[Source "Mark Crowther"]
[SourceDate "2008.03.31"]

1. e4 c5 2. Nf3 e6 3. d4 cxd4 4. Nxd4 Nf6 5. Nc3 d6 6. Be3 a6 7. f3 Be7 8. Qd2
b5 9. g4 Bb7 10. O-O-O O-O 11. h4 Nc6 12. Nxc6 Bxc6 13. Ne2 Rc8 14. Nd4 Bb7 15.
g5 Nd7 16. h5 Re8 17. Kb1 Nf8 18. Bd3 Rc7 19. Rdg1 g6 20. Qh2 Qc8 21. f4 Bd8
22. Bc1 Qa8 23. Re1 Rce7 24. hxg6 fxg6 25. Rhf1 Bb6 26. Nb3 Bc6 27. Qg3 d5 28.
exd5 Bxd5 29. Nd2 Bd4 30. Ne4 Nd7 31. Nd6 Bxa2+ 32. Ka1 Bd5 33. Nxe8 Qxe8 34.
Kb1 b4 35. Be3 Bg7 36. Qf2 Rf7 37. Bd4 e5 38. Qd2 Qd8 39. fxe5 Qa5 40. b3 Re7
41. Rf6 Qc7 42. Qxb4 Nxe5 43. Bc4 Bxc4 44. Bxe5 Rxe5 45. Rxe5 Bb5 46. Re7 Qd8
47. Qd6 1-0

[Event "2nd Agzamov Memorial"]
[Site "Tashkent UZB"]
[Date "2008.03.22"]
[Round "3"]
[White "Vovk, Y."]
[Black "Mustafaev, J."]
[Result "1-0"]
[WhiteElo "2561"]
[BlackElo "2286"]
[PlyCount "155"]
[EventDate "2008.03.19"]
[EventType "swiss"]
[EventRounds "9"]
[EventCountry "UZB"]
[Source "Mark Crowther"]
[SourceDate "2008.03.31"]

1. d4 Nf6 2. c4 e6 3. Nf3 b6 4. g3 Bb7 5. Bg2 Be7 6. Nc3 O-O 7. d5 Bb4 8. Bd2
c6 9. dxe6 dxe6 10. O-O Nbd7 11. Qc2 c5 12. Rfd1 Bxc3 13. Bxc3 Qc7 14. b3 Rfd8
15. Qb2 Ne8 16. Bh3 Ndf6 17. Ne5 Ne4 18. Be1 Rxd1 19. Rxd1 Rd8 20. Rxd8 Qxd8
21. f3 Ng5 22. Bf1 f6 23. Nd3 e5 24. b4 cxb4 25. Bxb4 e4 26. fxe4 Bxe4 27. c5
Nc7 28. cxb6 axb6 29. Nf4 Kh8 30. Be1 b5 31. Qb3 Qe8 32. h4 Nge6 33. Nxe6 Nxe6
34. e3 Bc6 35. Qb4 Nc7 36. Qd6 Ne6 37. Bb4 Nd8 38. Kf2 Kg8 39. Bh3 Kh8 40. Ke2
Nf7 41. Qe7 Qxe7 42. Bxe7 Bd5 43. a3 Ne5 44. Kd2 Kg8 45. Kc3 Kf7 46. Bc5 Bc4
47. Bd6 Nd3 48. Bd7 Nf2 49. Kd4 Bf1 50. Bb4 h5 51. e4 Ng4 52. Kc5 Nf2 53. Bc6
Bd3 54. Kd4 Bf1 55. Bd7 Ng4 56. Bd6 Nf2 57. e5 fxe5+ 58. Kxe5 Nd3+ 59. Ke4 Kf6
60. Be8 g6 61. Kd4 Nc1 62. Be5+ Ke6 63. Bb8 Kf6 64. Be5+ Ke6 65. Bxg6 Be2 66.
Bf4 Nb3+ 67. Ke3 Bf1 68. Bxh5 Na5 69. Kd4 Nc4 70. Bc1 Nd6 71. Bg4+ Kf6 72. Kd5
Nf5 73. Bf4 Ne7+ 74. Kc5 Nf5 75. Bd1 Ke6 76. Bb3+ Kf6 77. Bd5 Ne7 78. Bg5+ 1-0

[Event "2nd Agzamov Memorial"]
[Site "Tashkent UZB"]
[Date "2008.03.22"]
[Round "3"]
[White "Avliyakulov, M."]
[Black "Dzhumaev, M."]
[Result "1-0"]
[WhiteElo "2115"]
[BlackElo "2527"]
[PlyCount "71"]
[EventDate "2008.03.19"]
[EventType "swiss"]
[EventRounds "9"]
[EventCountry "UZB"]
[Source "Mark Crowther"]
[SourceDate "2008.03.31"]

1. e4 g6 2. d4 Bg7 3. Nf3 d6 4. Nc3 Nf6 5. Bc4 Nc6 6. Be3 O-O 7. a3 Bg4 8. h3
Bxf3 9. Qxf3 e5 10. d5 Nd4 11. Qd1 c6 12. O-O Qa5 13. dxc6 bxc6 14. Bxd4 exd4
15. Qxd4 Nd5 16. Qd3 Nxc3 17. bxc3 Rad8 18. Rfd1 Kh8 19. Qg3 Be5 20. Qh4 f5 21.
exf5 Rxf5 22. Rab1 Bf6 23. Qg3 Qxa3 24. Bd3 Rg5 25. Qf3 Qxc3 26. Rb3 Qe5 27.
Qxc6 Rf8 28. Be4 Bg7 29. Re3 Qf6 30. Rf3 Qe7 31. Qxd6 Qxd6 32. Rxd6 Re8 33. Rd7
h5 34. Rff7 Bc3 35. Bd5 Bg7 36. Bb3 1-0

[Event "2nd Agzamov Memorial"]
[Site "Tashkent UZB"]
[Date "2008.03.22"]
[Round "3"]
[White "Sabirov, F."]
[Black "Davlyatshin, B."]
[Result "1-0"]
[WhiteElo "2362"]
[BlackElo "2167"]
[PlyCount "89"]
[EventDate "2008.03.19"]
[EventType "swiss"]
[EventRounds "9"]
[EventCountry "UZB"]
[Source "Mark Crowther"]
[SourceDate "2008.03.31"]

1. e4 c6 2. d4 d5 3. f3 e6 4. Nc3 a6 5. Qd3 Nd7 6. Bf4 b5 7. Qe3 Nb6 8. b3 Ba3
9. Nd1 Ne7 10. Bd3 Ng6 11. Bg3 Nh4 12. Qf2 Be7 13. Ne2 f5 14. exf5 Nxf5 15. Ne3
Bg5 16. Nxf5 exf5 17. Bf4 Bf6 18. O-O O-O 19. Rae1 g6 20. c3 a5 21. Bh6 Re8 22.
Nf4 Ra7 23. Bb1 b4 24. cxb4 axb4 25. Nd3 Ba6 26. Rxe8+ Qxe8 27. Re1 Re7 28.
Rxe7 Qxe7 29. Qe3 Qxe3+ 30. Bxe3 Bxd3 31. Bxd3 Nd7 32. Kf1 Nf8 33. Bd2 Be7 34.
Bf4 Bf6 35. Bd6 Bxd4 36. Bxb4 Ne6 37. Bd2 Kf7 38. a4 h6 39. Bxh6 f4 40. g3 g5
41. Bf5 Be5 42. Bxe6+ Kg6 43. Bxg5 Kxg5 44. Bd7 d4 45. Ke2 1-0

[Event "2nd Agzamov Memorial"]
[Site "Tashkent UZB"]
[Date "2008.03.22"]
[Round "3"]
[White "Shaymuratov, I."]
[Black "Turaev, Hal"]
[Result "0-1"]
[WhiteElo "2188"]
[BlackElo "2355"]
[PlyCount "134"]
[EventDate "2008.03.19"]
[EventType "swiss"]
[EventRounds "9"]
[EventCountry "UZB"]
[Source "Mark Crowther"]
[SourceDate "2008.03.31"]

1. e4 c5 2. Nf3 Nc6 3. d4 cxd4 4. Nxd4 e5 5. Nxc6 dxc6 6. Qxd8+ Kxd8 7. Bc4 f6
8. Be3 Kc7 9. Nc3 Bb4 10. O-O-O Ne7 11. Ne2 Ng6 12. h4 Nf8 13. c3 Be7 14. Ng3
Be6 15. Bxe6 Nxe6 16. Nf5 Bc5 17. Rd2 Bxe3 18. Nxe3 Rad8 19. Rhd1 Rxd2 20. Rxd2
g6 21. b4 Rf8 22. Kc2 b5 23. Ng4 h5 24. Nh2 a5 25. a3 Ra8 26. Kb2 axb4 27. axb4
c5 28. bxc5 Nxc5 29. f3 Na4+ 30. Kb3 Kc6 31. Nf1 Nb6 32. Ra2 Rxa2 33. Kxa2 Nc4
34. Kb3 Kc5 35. g4 Kd6 36. Kb4 Kc6 37. gxh5 gxh5 38. Kb3 Kd6 39. Kc2 Ke6 40.
Kd3 Kf7 41. Ke2 Kg6 42. Ne3 Nd6 43. Kd3 f5 44. Nd5 fxe4+ 45. fxe4 Kf7 46. Ne3
Kf6 47. Nf1 Nc4 48. Ng3 Kg6 49. Nf5 Kf6 50. Kc2 Kg6 51. Kc1 Kf6 52. Kd1 Nb2+
53. Kd2 Nc4+ 54. Kd3 Nb2+ 55. Kd2 Nc4+ 56. Ke2 Kg6 57. Ng3 Nd6 58. Kd3 Nc4 59.
Nf1 Kf6 60. Kc2 Na5 61. Kb2 Kg6 62. Ka3 Nc6 63. Ng3 Kh6 64. Nf5+ Kg6 65. Nd6
Kf6 66. Kb3 Ke6 67. Nf5 Kf6 0-1

[Event "2nd Agzamov Memorial"]
[Site "Tashkent UZB"]
[Date "2008.03.23"]
[Round "4"]
[White "Zinchenko, Ya"]
[Black "Iuldachev, S."]
[Result "1-0"]
[WhiteElo "2516"]
[BlackElo "2526"]
[PlyCount "67"]
[EventDate "2008.03.19"]
[EventType "swiss"]
[EventRounds "9"]
[EventCountry "UZB"]
[Source "Mark Crowther"]
[SourceDate "2008.03.31"]

1. e4 e5 2. Nf3 Nc6 3. Bb5 Nf6 4. O-O Nxe4 5. d4 Nd6 6. Bxc6 dxc6 7. dxe5 Nf5
8. Qxd8+ Kxd8 9. Nc3 Ne7 10. h3 Ng6 11. Bg5+ Ke8 12. Rad1 Bd7 13. Rd2 Be7 14.
Bxe7 Kxe7 15. Nd4 Nf4 16. Kh2 Rhd8 17. Kg3 g5 18. Rfd1 c5 19. Nf3 h6 20. h4 Bc6
21. Rxd8 Rxd8 22. Rxd8 Kxd8 23. hxg5 hxg5 24. Nxg5 Nxg2 25. Nxf7+ Kd7 26. Ng5
Ne1 27. f4 Nxc2 28. f5 b5 29. Kf4 Nb4 30. f6 Nd5+ 31. Nxd5 Bxd5 32. Kf5 Bxa2
33. e6+ Ke8 34. Kg6 1-0

[Event "2nd Agzamov Memorial"]
[Site "Tashkent UZB"]
[Date "2008.03.23"]
[Round "4"]
[White "Zubarev, Al1"]
[Black "Fedorov, Alex"]
[Result "1/2-1/2"]
[WhiteElo "2491"]
[BlackElo "2607"]
[PlyCount "31"]
[EventDate "2008.03.19"]
[EventType "swiss"]
[EventRounds "9"]
[EventCountry "UZB"]
[Source "Mark Crowther"]
[SourceDate "2008.03.31"]

1. e4 c5 2. Nf3 d6 3. Bb5+ Nd7 4. d4 Ngf6 5. Nc3 cxd4 6. Qxd4 e5 7. Qd3 h6 8.
a4 a6 9. Bc4 Nc5 10. Qe2 Bg4 11. h3 Bh5 12. O-O Rc8 13. Rd1 Qc7 14. Nd5 Nxd5
15. Bxd5 Be7 16. Be3 1/2-1/2

[Event "2nd Agzamov Memorial"]
[Site "Tashkent UZB"]
[Date "2008.03.23"]
[Round "4"]
[White "Kvon, A."]
[Black "Vovk, Y."]
[Result "0-1"]
[WhiteElo "2381"]
[BlackElo "2561"]
[PlyCount "70"]
[EventDate "2008.03.19"]
[EventType "swiss"]
[EventRounds "9"]
[EventCountry "UZB"]
[Source "Mark Crowther"]
[SourceDate "2008.03.31"]

1. e4 c5 2. Nf3 d6 3. d4 cxd4 4. Nxd4 Nf6 5. Nc3 a6 6. Bc4 e6 7. Bb3 b5 8. O-O
b4 9. Na4 Bd7 10. f4 Nc6 11. c3 Rb8 12. f5 e5 13. Ne6 fxe6 14. fxe6 Bc8 15. Bg5
h5 16. Qf3 bxc3 17. Bxf6 gxf6 18. Nxc3 Rxb3 19. axb3 Nd4 20. Qd3 Bxe6 21. Nd5
Bg7 22. Rxa6 O-O 23. Ra7 Bxd5 24. exd5 f5 25. Kh1 Qg5 26. Qa6 Rf6 27. Qc8+ Kh7
28. Qd8 e4 29. g3 Nf3 30. Qe7 Qh6 31. Rc7 Rg6 32. Rc2 h4 33. gxh4 Qe3 34. Rg2
Rxg2 35. Kxg2 Qf4 0-1

[Event "2nd Agzamov Memorial"]
[Site "Tashkent UZB"]
[Date "2008.03.23"]
[Round "4"]
[White "Timoshenko, G."]
[Black "Djuraev, S."]
[Result "1-0"]
[WhiteElo "2560"]
[BlackElo "2283"]
[PlyCount "129"]
[EventDate "2008.03.19"]
[EventType "swiss"]
[EventRounds "9"]
[EventCountry "UZB"]
[Source "Mark Crowther"]
[SourceDate "2008.03.31"]

1. e4 e5 2. Nf3 Nc6 3. Bb5 a6 4. Ba4 Nf6 5. O-O Be7 6. Re1 b5 7. Bb3 d6 8. c3
O-O 9. h3 Na5 10. Bc2 d5 11. exd5 e4 12. Bxe4 Nxe4 13. Rxe4 Bb7 14. d4 Bxd5 15.
Re1 Qd6 16. b3 Nc6 17. Nbd2 Qg6 18. Bb2 Rad8 19. Qb1 Bf6 20. Qxg6 hxg6 21. Ba3
Rfe8 22. Re3 Rb8 23. Bc5 a5 24. Rae1 Red8 25. g4 b4 26. c4 Bxf3 27. Nxf3 Bxd4
28. Nxd4 Nxd4 29. Bxd4 Rxd4 30. Re8+ Rxe8 31. Rxe8+ Kh7 32. Ra8 Rd2 33. Rxa5
Kh6 34. Kg2 f5 35. Ra7 Kg5 36. Rxc7 Rxa2 37. Rb7 Rc2 38. Rxb4 Rc3 39. Rb5 Kh4
40. gxf5 gxf5 41. Rxf5 Rxb3 42. Rf3 Rb6 43. c5 Rc6 44. Rf5 g6 45. Rf4+ Kg5 46.
Rc4 Kf5 47. Kg3 Ke6 48. Kg4 Kd5 49. Rc1 Ke4 50. f4 Kd3 51. Rd1+ Ke3 52. Rd6
Rxc5 53. Rxg6 Rc1 54. Re6+ Kd4 55. h4 Kd5 56. Re5+ Kd6 57. h5 Rg1+ 58. Kf5 Rh1
59. Kg6 Rf1 60. h6 Rxf4 61. Rh5 Rg4+ 62. Kf5 Rg8 63. h7 Rh8 64. Rh1 Ke7 65. Kg6
1-0

[Event "2nd Agzamov Memorial"]
[Site "Tashkent UZB"]
[Date "2008.03.23"]
[Round "4"]
[White "Saidov, B."]
[Black "Glek, I."]
[Result "1-0"]
[WhiteElo "2329"]
[BlackElo "2546"]
[PlyCount "119"]
[EventDate "2008.03.19"]
[EventType "swiss"]
[EventRounds "9"]
[EventCountry "UZB"]
[Source "Mark Crowther"]
[SourceDate "2008.03.31"]

1. d4 f5 2. e3 Nf6 3. Bd3 d6 4. Nc3 e5 5. dxe5 dxe5 6. e4 Bb4 7. exf5 e4 8.
Bb5+ c6 9. Qxd8+ Kxd8 10. Bc4 Bxc3+ 11. bxc3 Bxf5 12. Ne2 b5 13. Nd4 Bd7 14.
Be2 Na6 15. a4 Nc7 16. axb5 Nxb5 17. Nxb5 cxb5 18. c4 bxc4 19. Bxc4 a5 20. O-O
Re8 21. Rd1 Re5 22. Be3 Ke8 23. Bd4 Rf5 24. Re1 Bc6 25. Rab1 Kf8 26. Rb6 Bd5
27. Bb5 Rc8 28. c3 Bc4 29. Bxc4 Rxc4 30. Ra1 Kf7 31. h3 h5 32. Ra6 Kg6 33.
R1xa5 Rxa5 34. Rxa5 h4 35. Kf1 Rc8 36. Ke2 Rb8 37. Ke3 Rb2 38. Ra7 Rc2 39. Kf4
Rc1 40. Ra5 Rc2 41. Rg5+ Kf7 42. Ke3 Rc1 43. Kd2 Ra1 44. Kc2 Ra2+ 45. Kb3 Rd2
46. Be3 Rd3 47. Kc4 Rd1 48. Kc5 Nd7+ 49. Kb5 Nf6 50. c4 Rd3 51. Kc6 Rd1 52. c5
Rb1 53. Re5 Rg1 54. Kb7 Rb1+ 55. Kc7 Rd1 56. c6 Ne8+ 57. Kb6 Nd6 58. Kc5 Nc8
59. Rxe4 Rg1 60. c7 1-0

[Event "2nd Agzamov Memorial"]
[Site "Tashkent UZB"]
[Date "2008.03.23"]
[Round "4"]
[White "Filippov, An UZB"]
[Black "Avliyakulov, M."]
[Result "1/2-1/2"]
[WhiteElo "2502"]
[BlackElo "2115"]
[PlyCount "39"]
[EventDate "2008.03.19"]
[EventType "swiss"]
[EventRounds "9"]
[EventCountry "UZB"]
[Source "Mark Crowther"]
[SourceDate "2008.03.31"]

1. e4 c5 2. Nf3 d6 3. d4 cxd4 4. Nxd4 Nf6 5. Nc3 a6 6. f4 e6 7. Qf3 Nbd7 8. Be3
Qc7 9. g4 h6 10. Bd3 b5 11. a3 Bb7 12. h4 h5 13. g5 Ng4 14. g6 Nc5 15. gxf7+
Qxf7 16. O-O-O Be7 17. Bd2 Rc8 18. Kb1 Bf6 19. Nce2 O-O 20. Ng3 1/2-1/2

[Event "2nd Agzamov Memorial"]
[Site "Tashkent UZB"]
[Date "2008.03.23"]
[Round "4"]
[White "Kayumov, S."]
[Black "Eminov, A."]
[Result "1-0"]
[WhiteElo "2426"]
[BlackElo "2240"]
[PlyCount "141"]
[EventDate "2008.03.19"]
[EventType "swiss"]
[EventRounds "9"]
[EventCountry "UZB"]
[Source "Mark Crowther"]
[SourceDate "2008.03.31"]

1. e4 e5 2. Bc4 Nf6 3. d3 Nc6 4. Nf3 h6 5. O-O d6 6. Re1 g6 7. d4 Bg4 8. Bb5
Nd7 9. Bxc6 bxc6 10. Nbd2 exd4 11. h3 Bxf3 12. Nxf3 c5 13. e5 dxe5 14. Nxe5
Nxe5 15. Rxe5+ Be7 16. Qf3 Kf8 17. Bf4 Bd6 18. Rd5 Kg7 19. Be5+ f6 20. Rxd6
cxd6 21. Qb7+ Kg8 22. Bxf6 Qf8 23. Qd5+ Kh7 24. Re1 Qxf6 25. Qb7+ Qg7 26. Re7
Rag8 27. Qxa7 Qxe7 28. Qxe7+ Rg7 29. Qxd6 Rc8 30. a4 Rcc7 31. Qd5 Rgd7 32. Qc4
Rb7 33. b3 Rbc7 34. a5 h5 35. h4 Kg7 36. a6 Kh7 37. Qb5 Rd6 38. Qb8 Rdd7 39.
Kf1 Re7 40. f3 Kg7 41. Kf2 Ra7 42. Qb6 Rac7 43. Kg3 Red7 44. Qb8 Ra7 45. Qb6
Rac7 46. Qb5 Rd6 47. Qb8 Rdd7 48. Kf4 c4 49. bxc4 Rxc4 50. a7 d3+ 51. Kg3 Ra4
52. a8=Q Rxa8 53. Qxa8 dxc2 54. Qc8 Rf7 55. Qxc2 Rf8 56. Qc3+ Kg8 57. Qc6 Kg7
58. Kf2 Rf5 59. Ke3 Re5+ 60. Kf4 Rf5+ 61. Ke4 Rf7 62. Qc3+ Kh7 63. Ke5 Rb7 64.
Qc6 Rf7 65. Ke6 Rf5 66. Qc7+ Kg8 67. Qd8+ Kg7 68. Qe7+ Kh8 69. Qf6+ Rxf6+ 70.
Kxf6 Kh7 71. Kg5 1-0

[Event "2nd Agzamov Memorial"]
[Site "Tashkent UZB"]
[Date "2008.03.23"]
[Round "4"]
[White "Kurnosov, I."]
[Black "Egin, V."]
[Result "1/2-1/2"]
[WhiteElo "2577"]
[BlackElo "2437"]
[PlyCount "100"]
[EventDate "2008.03.19"]
[EventType "swiss"]
[EventRounds "9"]
[EventCountry "UZB"]
[Source "Mark Crowther"]
[SourceDate "2008.03.31"]

1. e4 e5 2. Bc4 Nf6 3. d3 c6 4. Nf3 Be7 5. O-O d6 6. c3 O-O 7. Re1 Nbd7 8. Nbd2
d5 9. Bb3 Qc7 10. exd5 cxd5 11. c4 d4 12. Nxd4 Nc5 13. Nb5 Qd8 14. Bc2 Nxd3 15.
Bxd3 Qxd3 16. Rxe5 Be6 17. Qe2 Rad8 18. Nc7 Bb4 19. Nxe6 fxe6 20. Nf1 Qxe2 21.
Rxe2 Rd1 22. g3 Ng4 23. Kg2 Bc5 24. f3 Bd4 25. Rd2 Rxd2+ 26. Bxd2 Ne5 27. Bc3
Bxc3 28. bxc3 Nxf3 29. Rb1 b6 30. Rd1 Ne5 31. Rd6 Kf7 32. c5 Ke7 33. Nd2 Rc8
34. Ne4 Rxc5 35. Rd2 Ra5 36. Re2 Nd7 37. Nf2 Ra3 38. Rc2 Nf6 39. Nd3 Kd6 40.
Kf3 Nd5 41. Ke2 Kc6 42. Nf2 b5 43. Kd2 Kd6 44. Ne4+ Ke5 45. Ng5 h6 46. Nf7+ Kf6
47. Nd6 b4 48. c4 Nc3 49. c5 Ke7 50. Kd3 Nd5+ 1/2-1/2

[Event "2nd Agzamov Memorial"]
[Site "Tashkent UZB"]
[Date "2008.03.24"]
[Round "5"]
[White "Amonatov, F."]
[Black "Zinchenko, Ya"]
[Result "1-0"]
[WhiteElo "2649"]
[BlackElo "2516"]
[PlyCount "115"]
[EventDate "2008.03.19"]
[EventType "swiss"]
[EventRounds "9"]
[EventCountry "UZB"]
[Source "Mark Crowther"]
[SourceDate "2008.03.31"]

1. e4 c5 2. Nf3 Nc6 3. d4 cxd4 4. Nxd4 Nf6 5. Nc3 e5 6. Ndb5 d6 7. Bg5 a6 8.
Na3 b5 9. Nd5 Be7 10. Bxf6 Bxf6 11. c4 b4 12. Nc2 a5 13. Qf3 Bg5 14. h4 Bh6 15.
g4 f6 16. g5 fxg5 17. Qh5+ Kf8 18. Bh3 g4 19. Bxg4 Qe8 20. Qxe8+ Kxe8 21. f3
Rb8 22. b3 Rf8 23. Ke2 Nd8 24. Rhd1 Bxg4 25. fxg4 Bf4 26. Nde3 Bxe3 27. Nxe3
Ne6 28. Rxd6 Ke7 29. Nf5+ Kf7 30. Rad1 g6 31. Nh6+ Ke7 32. Rd7+ Ke8 33. R1d6
Rb6 34. Rd8+ Nxd8 35. Rxb6 Kd7 36. h5 gxh5 37. gxh5 Rf4 38. Nf5 Rxe4+ 39. Kd3
Rf4 40. Ne3 Rd4+ 41. Ke2 Rh4 42. Rh6 Ne6 43. Rxh7+ Kc6 44. Rh6 Kd7 45. Kf3 Nd4+
46. Kg2 Re4 47. Nd5 Re2+ 48. Kh3 Rxa2 49. Ra6 Ra1 50. h6 Ne6 51. Kg4 Rh1 52.
Nf6+ Ke7 53. Kf5 Rf1+ 54. Kxe5 Ng5 55. Ra7+ Kf8 56. h7 Rh1 57. Ra8+ Ke7 58.
Re8+ 1-0

[Event "2nd Agzamov Memorial"]
[Site "Tashkent UZB"]
[Date "2008.03.24"]
[Round "5"]
[White "Vovk, Y."]
[Black "Timoshenko, G."]
[Result "0-1"]
[WhiteElo "2561"]
[BlackElo "2560"]
[PlyCount "76"]
[EventDate "2008.03.19"]
[EventType "swiss"]
[EventRounds "9"]
[EventCountry "UZB"]
[Source "Mark Crowther"]
[SourceDate "2008.03.31"]

1. e4 e6 2. d4 d5 3. Nc3 Nc6 4. Nf3 Nf6 5. e5 Ne4 6. Bd3 Bb4 7. Bd2 Nxd2 8.
Qxd2 Bd7 9. a3 Ba5 10. b4 Bb6 11. Ne2 f6 12. b5 Nxd4 13. Nexd4 fxe5 14. Nxe5
Bxd4 15. Bg6+ hxg6 16. Qxd4 Bxb5 17. Nxg6 Rg8 18. h4 Qf6 19. Ne5 c5 20. Qe3 d4
21. Qg5 O-O-O 22. f4 Rd5 23. Rh3 Rf8 24. Rf3 Qxg5 25. hxg5 Rxf4 26. Rxf4 Rxe5+
27. Kf2 Rxg5 28. Rh1 Kd7 29. Rh7 Ke7 30. Rfh4 Be8 31. g4 Kf6 32. Rh8 Bg6 33.
Rf8+ Ke5 34. Ke2 Bxc2 35. Kd2 Be4 36. Rc8 b6 37. a4 Kd6 38. Kc1 Bc6 0-1

[Event "2nd Agzamov Memorial"]
[Site "Tashkent UZB"]
[Date "2008.03.24"]
[Round "5"]
[White "Sabirov, F."]
[Black "Kurnosov, I."]
[Result "0-1"]
[WhiteElo "2362"]
[BlackElo "2577"]
[PlyCount "84"]
[EventDate "2008.03.19"]
[EventType "swiss"]
[EventRounds "9"]
[EventCountry "UZB"]
[Source "Mark Crowther"]
[SourceDate "2008.03.31"]

1. e4 c5 2. Nc3 d6 3. Bb5+ Nd7 4. d3 e6 5. Nge2 a6 6. Bxd7+ Bxd7 7. O-O Nf6 8.
f4 Be7 9. Ng3 Bc6 10. f5 O-O 11. Kh1 b5 12. Nce2 e5 13. Bg5 Ng4 14. Bxe7 Qxe7
15. Nd4 Qh4 16. Nf3 Qh6 17. Qe2 d5 18. Rae1 Rfe8 19. h3 Nf6 20. Nh2 dxe4 21.
dxe4 Qh4 22. Qf2 Rad8 23. Nf3 Qf4 24. Ne2 Nxe4 25. Nxf4 Nxf2+ 26. Rxf2 exf4 27.
Rxe8+ Rxe8 28. Kg1 Kf8 29. Kf1 Be4 30. Ng5 Bxf5 31. Rxf4 Bg6 32. Rf2 f6 33. Nf3
Bf7 34. b3 Rd8 35. Ke1 h5 36. h4 Bg6 37. a3 Be4 38. g3 Rd5 39. Ng5 Bxc2 40.
Ne6+ Kf7 41. Ng5+ Kg6 42. Nh3 Re5+ 0-1

[Event "2nd Agzamov Memorial"]
[Site "Tashkent UZB"]
[Date "2008.03.24"]
[Round "5"]
[White "Iuldachev, S."]
[Black "Turaev, Hal"]
[Result "1-0"]
[WhiteElo "2526"]
[BlackElo "2355"]
[PlyCount "111"]
[EventDate "2008.03.19"]
[EventType "swiss"]
[EventRounds "9"]
[EventCountry "UZB"]
[Source "Mark Crowther"]
[SourceDate "2008.03.31"]

1. e4 e6 2. d4 d5 3. e5 c5 4. c3 Nc6 5. Nf3 Qb6 6. a3 Bd7 7. b4 cxd4 8. cxd4
Rc8 9. Be3 Nge7 10. Bd3 Nf5 11. O-O Be7 12. Nbd2 Nd8 13. Nb3 Ba4 14. Qb1 Nxe3
15. fxe3 Rc3 16. Nc5 Bxc5 17. dxc5 Qc7 18. Rc1 Rxc1+ 19. Qxc1 a6 20. Qe1 h6 21.
e4 O-O 22. exd5 exd5 23. Qg3 Bd7 24. Nd4 Nc6 25. Nxc6 Qxc6 26. Rf1 f5 27. exf6
Rxf6 28. Qb8+ Kf7 29. Re1 Bf5 30. Be2 Be4 31. Bh5+ g6 32. Bf3 Bxf3 33. gxf3 g5
34. Qd8 d4 35. Re4 Rxf3 36. Qe7+ Kg8 37. Re6 Rf7 38. Rxc6 Rxe7 39. Rxh6 Rd7 40.
Kf2 Kg7 41. Rb6 d3 42. Ke1 d2+ 43. Kd1 Kf7 44. Rh6 Kg7 45. c6 bxc6 46. Rxc6 a5
47. bxa5 Rd3 48. a6 Rxa3 49. Kxd2 Ra2+ 50. Kc3 Rxh2 51. Kb4 Rb2+ 52. Ka5 Ra2+
53. Kb6 Rb2+ 54. Kc7 g4 55. a7 Ra2 56. Kb7 1-0